[Event "76th ch-ARM HL 2016"]
[Site "Yerevan ARM"]
[Date "2016.01.20"]
[Round "8"]
[White "Babujian,L"]
[Black "Ter Sahakyan,S"]
[Result "0-1"]
[WhiteElo "2465"]
[BlackElo "2604"]
[EventDate "2016.01.12"]

1. c4 e5 2. Nc3 Nf6 3. Nf3 Nc6 4. g3 Bb4 5. Bg2 O-O 6. O-O e4 7. Ng5 Bxc3
8. bxc3 Re8 9. f3 exf3 10. Nxf3 d5 11. d4 dxc4 12. Bg5 h6 13. Bxf6 Qxf6 14.
Ne5 Qe6 15. Bxc6 bxc6 16. Rxf7 c5 17. Rxc7 cxd4 18. cxd4 Qd5 19. Rc1 Bh3
20. Nf3 Qe4 21. Rc2 Qe3+ 22. Kh1 Rab8 23. Qg1 Qa3 24. Nh4 Rb2 25. Qc1 Rxa2
26. Qxa3 Rxa3 27. R7xc4 Rxe2 28. Kg1 Ra1+ 29. Rc1 Raa2 30. Rc7 Red2 31. Re1
Kh7 32. Nf3 Rg2+ 33. Kh1 Rgf2 34. Nh4 Rxh2+ 35. Kg1 Rhd2 36. Rf7 a5 37. Rf4
a4 38. g4 a3 39. d5 Rab2 40. Rf3 a2 41. g5 hxg5 42. Rxh3 gxh4 43. Rxh4+ Kg8
44. Ra4 Rb1 45. Ra8+ Kh7 46. Kf1 Rxe1+ 47. Kxe1 Rb2 0-1

[Event "76th ch-ARM HL 2016"]
[Site "Yerevan ARM"]
[Date "2016.01.20"]
[Round "8"]
[White "Hayrapetyan,Ho"]
[Black "Torosyan,N"]
[Result "0-1"]
[WhiteElo "2489"]
[BlackElo "2365"]
[EventDate "2016.01.12"]

1. Nf3 Nf6 2. g3 g6 3. Bg2 Bg7 4. c4 d6 5. d4 O-O 6. O-O Nc6 7. Nc3 a6 8.
d5 Na5 9. Nd2 c5 10. Rb1 Bf5 11. e4 Bd7 12. Qc2 b5 13. b3 Rb8 14. Bb2 e5
15. Nd1 Bh6 16. Bc3 Nh5 17. Ne3 b4 18. Bb2 Bxe3 19. fxe3 Nb7 20. a3 a5 21.
a4 Qe7 22. Nf3 f6 23. Bc1 Rf7 24. Nh4 Rbf8 25. Qe2 Ng7 26. Bd2 Qe8 27. Be1
Qc8 28. Rf2 g5 29. Nf3 h6 30. Kh1 Nd8 31. Bd2 Nb7 32. Rbf1 Bg4 33. Qd3 Nd8
34. Ng1 Bd7 35. h3 Nb7 36. Kh2 Qd8 37. Qe2 Qc8 38. Qd1 h5 39. Bf3 g4 40.
Be2 Nd8 41. hxg4 hxg4 42. Qb1 f5 43. exf5 Bxf5 44. e4 Bg6 45. Rxf7 Rxf7 46.
Bd3 Nh5 47. Bg5 Rxf1 48. Qxf1 Nf7 49. Bh4 Qd7 50. Kg2 Nh8 51. Qc1 Nf7 52.
Ne2 Kg7 53. Qa1 Kh7 54. Qd1 Kg7 55. Qa1 Kh7 56. Bc2 Qc8 57. Qd1 Qf8 58. Ng1
Qc8 59. Kf2 Kg7 60. Ke3 Nf6 61. Qf1 Nh7 62. Qe2 Nhg5 63. Kd2 Bh5 64. Qe3
Nf3+ 65. Kc1 Nxh4 66. gxh4 Qd8 67. Qf2 Qh8 68. Ne2 Qh6+ 69. Kd1 Bg6 70. Qg3
Bh5 71. Qf2 Bg6 72. Bd3 Kh7 73. Ke1 Kg7 74. Bb1 Qh7 75. Ng3 Qh6 76. Ne2 Qh7
77. Ng3 Qh6 78. Bc2 Qc1+ 79. Bd1 Qc3+ 80. Ke2 Qb2+ 81. Kf1 Qc1 82. Qe2 Nh6
83. Kg2 Qf4 84. Bc2 Qf6 85. Qf2 Qxh4 86. Qe3 Nf7 87. Bd1 Ng5 88. Qe1 Qh3+
89. Kg1 Kg8 90. Qf2 Nxe4 91. Nxe4 Bxe4 92. Qf6 Qg2+ 0-1

[Event "76th ch-ARM HL 2016"]
[Site "Yerevan ARM"]
[Date "2016.01.21"]
[Round "9"]
[White "Ter Sahakyan,S"]
[Black "Hayrapetyan,Ho"]
[Result "1-0"]
[WhiteElo "2604"]
[BlackElo "2489"]
[EventDate "2016.01.12"]

1. e4 c5 2. Nf3 e6 3. g3 Nc6 4. Bg2 Nf6 5. Qe2 d5 6. exd5 Nxd5 7. O-O Be7
8. Rd1 Bf6 9. Nc3 O-O 10. Ne4 Be7 11. c4 Nc7 12. b4 Nd4 13. Nxd4 Qxd4 14.
Rb1 cxb4 15. Bb2 Qb6 16. d4 f5 17. Nc5 Bxc5 18. dxc5 Qxc5 19. Be5 Ne8 20.
Bd4 Qa5 21. c5 Nf6 22. Qc4 Qc7 23. Rxb4 Nd5 24. Rb3 Kh8 25. Qe2 Bd7 26.
Bxd5 exd5 27. Re3 Rf7 28. Re7 Raf8 29. Re1 Qd8 30. Qe5 Bb5 31. h4 h6 32.
Qxg7+ Rxg7 33. Rxg7 Re8 34. Rg6+ Kh7 35. Rg7+ Kh8 36. Rd7+ Kg8 37. Rxd8
Rxd8 38. Re6 Re8 39. Rg6+ Kf8 40. Rf6+ Kg8 41. Rxh6 Re4 42. Rh8+ Kf7 43.
Rh7+ Kg6 44. Rxb7 Be2 45. Be3 d4 46. Bd2 d3 47. Rb4 Rxb4 48. Bxb4 Bf3 49.
Kf1 Kf6 50. Ke1 Ke5 51. Kd2 Kd4 52. Bc3+ Kc4 53. Be5 a6 54. Ke3 Bd5 55. a3
Kxc5 56. Kxd3 Bc4+ 57. Ke3 Kd5 58. Kf4 Ke6 59. h5 1-0

[Event "76th ch-ARM HL 2016"]
[Site "Yerevan ARM"]
[Date "2016.01.21"]
[Round "9"]
[White "Petrosian,TL"]
[Black "Gabuzyan,H"]
[Result "1/2-1/2"]
[WhiteElo "2625"]
[BlackElo "2585"]
[EventDate "2016.01.12"]

1. e4 c5 2. Nf3 d6 3. Bb5+ Bd7 4. c4 Nf6 5. Nc3 e6 6. O-O Be7 7. d4 cxd4 8.
Nxd4 O-O 9. Be3 a6 10. Bxd7 Nbxd7 11. b3 Re8 12. h3 Rc8 13. Rc1 Nc5 14. f3
Ncd7 15. f4 g6 16. Qf3 Qa5 17. g4 e5 18. Nde2 exf4 19. Nxf4 Ne5 20. Qe2 b5
21. g5 Nfd7 22. Nfd5 bxc4 23. Nxe7+ Rxe7 24. Nd5 Re6 25. bxc4 Qd8 26. h4
Qe8 27. Nf4 Re7 28. Nd5 Re6 29. Rf4 h5 30. gxh6 Kh7 31. Rcf1 f5 32. exf5
gxf5 33. Rxf5 Rxc4 34. Bg5 Rg4+ 35. Qxg4 Nxg4 36. Rf7+ Kh8 37. Nc7 Qb8 38.
Nxe6 Qb6+ 39. Kh1 Qb2 40. Bf4 Qe2 41. Rc1 Nf2+ 42. Kg1 Nh3+ 43. Kh1 Nf2+
1/2-1/2

[Event "76th ch-ARM HL 2016"]
[Site "Yerevan ARM"]
[Date "2016.01.21"]
[Round "9"]
[White "Hovhannisyan,R"]
[Black "Babujian,L"]
[Result "1-0"]
[WhiteElo "2624"]
[BlackElo "2465"]
[EventDate "2016.01.12"]

1. e4 e5 2. Nf3 Nc6 3. Bb5 a6 4. Ba4 Nf6 5. O-O Be7 6. d3 b5 7. Bb3 O-O 8.
Nc3 d6 9. a3 Bg4 10. Be3 Kh8 11. h3 Bh5 12. Nd5 Na5 13. Nxf6 Bxf3 14. Qxf3
Nxb3 15. Nxh7 Kxh7 16. cxb3 Qd7 17. d4 exd4 18. Bxd4 c5 19. Bc3 a5 20. b4
axb4 21. axb4 Rxa1 22. Rxa1 Qe6 23. Rd1 Re8 24. Qd3 c4 25. Qd5 Bf6 26. Qxb5
Bxc3 27. bxc3 Qxe4 28. Rd4 Qe1+ 29. Kh2 Re5 30. Qxc4 f5 31. Qf7 Qxf2 32.
Rg4 1-0

[Event "76th ch-ARM HL 2016"]
[Site "Yerevan ARM"]
[Date "2016.01.21"]
[Round "9"]
[White "Pashikian,A"]
[Black "Andriasian,Z"]
[Result "1/2-1/2"]
[WhiteElo "2606"]
[BlackElo "2594"]
[EventDate "2016.01.12"]

1. d4 Nf6 2. Nf3 d5 3. c4 c6 4. Nc3 dxc4 5. a4 Bf5 6. Ne5 Nbd7 7. Nxc4 Nb6
8. Ne5 a5 9. h4 h6 10. f3 e6 11. e4 Bh7 12. Be3 Be7 13. g3 Nfd7 14. Nd3 O-O
15. Qb3 Rc8 16. Kf2 c5 17. dxc5 Nxc5 18. Nxc5 Bxc5 19. Bxc5 Rxc5 20. Rd1
Qc7 21. Be2 Bg6 22. Nb5 Qc6 23. Rd6 Rxb5 24. Qa3 Rb3 25. Rxc6 Rxa3 26. Rxb6
Rxa4 27. h5 Bh7 28. Rxb7 Rxe4 29. fxe4 Bxe4 30. Bf3 Bxb7 31. Bxb7 Rb8 32.
Ba6 Rxb2+ 33. Be2 Rb8 34. Bf3 Rb2+ 35. Be2 Rb8 36. Bf3 1/2-1/2

[Event "76th ch-ARM HL 2016"]
[Site "Yerevan ARM"]
[Date "2016.01.21"]
[Round "9"]
[White "Petrosyan,M"]
[Black "Grigoryan,K2"]
[Result "1/2-1/2"]
[WhiteElo "2466"]
[BlackElo "2602"]
[EventDate "2016.01.12"]

1. d4 Nf6 2. c4 g6 3. g3 Bg7 4. Bg2 O-O 5. Nc3 d6 6. Nf3 Nbd7 7. O-O e5 8.
h3 Re8 9. e4 c6 10. Be3 a5 11. Qc2 exd4 12. Nxd4 Nc5 13. Rad1 Qe7 14. Rfe1
h5 15. f3 Bd7 16. Bf4 b6 17. Nde2 Nb7 18. Na4 Ra6 19. Qd3 Bc8 20. Bxd6 Nxd6
21. Qxd6 Qa7 22. Nac3 b5+ 23. Qd4 Qb8 24. Qd6 Qb6+ 25. c5 Qa7 26. Nd4 Nh7
27. Kh1 Qb7 28. Nde2 a4 29. a3 b4 30. Na2 bxa3 31. bxa3 Bf8 32. Qd4 Ra5 33.
Rb1 Qa7 34. Nb4 Qxc5 35. Qd2 Rb5 36. Nc3 Rb8 37. Nxa4 Qa5 38. Qc2 Ra8 39.
Nc3 Qxa3 40. Nxc6 Qc5 41. Nb4 h4 42. Ncd5 Qxc2 43. Nxc2 Ra2 44. Ncb4 Bxb4
45. Nxb4 Rd2 46. gxh4 Nf6 47. Red1 Rxd1+ 48. Rxd1 Be6 49. Nc6 Nh5 50. Rd8
Rxd8 51. Nxd8 Kg7 52. Kg1 Kf6 53. Kf2 Ke7 54. Nc6+ Kd6 55. Nd4 Nf4 56. Bf1
Bd7 57. Ke3 Ke5 58. Nb3 Be6 59. Na5 Nh5 60. Nc6+ Kd6 61. Nd4 f5 62. exf5
Bxf5 63. Bd3 Bxd3 64. Kxd3 Ke5 65. Ke3 Nf4 66. Nc6+ Kf5 67. Kf2 Nxh3+ 68.
Kg3 Ng1 69. Nd4+ Ke5 70. Kg2 Kxd4 71. Kxg1 Ke5 72. Kg2 Kf4 73. Kf2 Kf5 74.
Kg3 Kf6 75. Kf4 Kf7 76. Ke5 Ke7 77. Ke4 Ke6 78. Kf4 Kf6 79. Kg4 Kf7 80. h5
gxh5+ 81. Kxh5 Kf6 82. Kg4 1/2-1/2

[Event "76th ch-ARM HL 2016"]
[Site "Yerevan ARM"]
[Date "2016.01.21"]
[Round "9"]
[White "Torosyan,N"]
[Black "Mikaelyan,A"]
[Result "0-1"]
[WhiteElo "2365"]
[BlackElo "2448"]
[EventDate "2016.01.12"]

1. e4 e5 2. Nf3 Nc6 3. Bb5 Nf6 4. O-O Nxe4 5. d4 Nd6 6. Bxc6 dxc6 7. dxe5
Nf5 8. Qxd8+ Kxd8 9. Nc3 Ke8 10. h3 h5 11. Ne2 b6 12. Bg5 c5 13. Nc3 Bb7
14. Rad1 Bxf3 15. gxf3 c6 16. Ne4 Be7 17. f4 Bxg5 18. fxg5 Ke7 19. Nd6 Ke6
20. f4 Rhd8 21. Rfe1 Nd4 22. Re4 Rd7 23. c3 Nf5 24. Kf2 Rad8 25. Kf3 Nh4+
26. Kg3 Nf5+ 27. Kf3 Nh4+ 28. Ke3 Ng2+ 29. Kf2 Nh4 30. Ree1 Nf5 31. Kf3 g6
32. Rd2 Nh4+ 33. Ke4 Nf5 34. Kf3 b5 35. b3 a5 36. a3 Nh4+ 37. Kf2 Nf5 38.
Kf3 Nh4+ 39. Ke4 Nf5 40. Kf3 Nh4+ 41. Ke4 Nf5 42. a4 bxa4 43. bxa4 Rb8 44.
Kd3 Rb3 45. Re4 Ra3 46. Kc2 Ra2+ 47. Kc1 Rxd2 48. Kxd2 Nxd6 49. exd6+ Kxd6
50. Kd3 Rb7 51. Re8 Rb1 52. Ra8 Rh1 53. Rxa5 Rxh3+ 54. Ke4 Rxc3 55. Ra8 h4
56. a5 Ra3 57. a6 c4 58. Kd4 c3 59. Kd3 Ke6 60. Rh8 Rxa6 61. Rxh4 Kf5 62.
Kxc3 Ra4 63. Rh7 Rxf4 64. Rxf7+ Kxg5 65. Rc7 Rf6 66. Kd4 Kf4 67. Kd3 Re6
68. Rf7+ Kg4 69. Rf1 g5 70. Rg1+ Kf5 71. Rf1+ Kg6 72. Rg1 c5 73. Kc4 Re5
74. Kd3 Kf5 75. Rf1+ Kg4 76. Rg1+ Kf3 0-1

[Event "76th ch-ARM HL 2016"]
[Site "Yerevan ARM"]
[Date "2016.01.22"]
[Round "10"]
[White "Grigoryan,K2"]
[Black "Torosyan,N"]
[Result "1/2-1/2"]
[WhiteElo "2602"]
[BlackElo "2365"]
[EventDate "2016.01.12"]

1. c4 Nf6 2. Nc3 g6 3. d4 Bg7 4. Nf3 O-O 5. Bg5 c5 6. d5 d6 7. e3 h6 8. Bh4
g5 9. Bg3 Nh5 10. Bd3 f5 11. Nd2 Nxg3 12. hxg3 e6 13. Qc2 Na6 14. a3 Nc7
15. O-O exd5 16. cxd5 b5 17. Nxb5 Nxb5 18. Bxb5 Rb8 19. Qd3 Bxb2 20. Rab1
Bg7 21. Ba6 Rxb1 22. Rxb1 Bd7 23. Rb7 Be8 24. Rxa7 Bg6 25. Nc4 Qf6 26. f4
Rb8 27. Rb7 Rxb7 28. Bxb7 h5 29. Bc8 h4 30. Be6+ Kh8 31. gxh4 gxf4 32. exf4
Qa1+ 33. Kh2 Bd4 34. Qe2 Qc1 35. h5 Qxf4+ 36. g3 Qh6 37. Nxd6 Bxh5 38. Nxf5
Bxe2+ 39. Nxh6 c4 40. d6 c3 41. d7 Bb6 42. Bb3 Bc4 43. Bc2 Be6 44. Nf5 Bxd7
45. g4 Kg8 46. Kg3 Kf7 47. Kh4 Kf6 48. Nd6 Bf2+ 49. Kh5 Ke5 50. Ne4 Be8+
51. Kh6 Be3+ 52. g5 Bc1 53. Nf6 Bc6 54. a4 Kd4 55. Kh5 Bxg5 56. Kxg5 Kc4
57. Ne4 Kb4 58. Kf4 Bxa4 59. Bxa4 Kxa4 60. Nxc3+ 1/2-1/2

[Event "76th ch-ARM HL 2016"]
[Site "Yerevan ARM"]
[Date "2016.01.22"]
[Round "10"]
[White "Babujian,L"]
[Black "Petrosian,TL"]
[Result "1-0"]
[WhiteElo "2465"]
[BlackElo "2625"]
[EventDate "2016.01.12"]

1. e4 d6 2. d4 Nf6 3. Nc3 c6 4. Nf3 Bg4 5. h3 Bh5 6. Bd3 e6 7. g4 Bg6 8. g5
Nfd7 9. Nh4 d5 10. Nxg6 hxg6 11. Qg4 Qb6 12. Ne2 Na6 13. c3 dxe4 14. Bxe4
Nc7 15. O-O O-O-O 16. Bg2 f5 17. Qg3 e5 18. dxe5 Nxe5 19. Qxe5 Re8 20. Qd4
Rxe2 21. Qc4 Qb5 22. Qxb5 Nxb5 23. a4 Nc7 24. b4 Bd6 25. Be3 Ne6 26. Rfd1
Rxe3 27. fxe3 Kc7 28. Rd3 Nxg5 29. Rad1 Rd8 30. c4 Nf7 31. c5 Be7 32. Rxd8
Nxd8 33. a5 Bf6 34. Kf2 a6 35. Bf1 Bc3 36. Rb1 Nf7 37. Rb3 Bf6 38. Bc4 Ng5
39. Kg2 Ne4 40. Bf7 Kd7 41. Rd3+ Ke7 42. Bxg6 Ke6 43. Rd1 Bc3 44. Rf1 Nd2
45. Rf4 Kf6 46. Bxf5 g5 47. Rf2 Bxb4 48. Bc8+ Ke7 49. Bxb7 Nc4 50. Bxa6
Nxa5 51. Rf5 Nb3 52. Bb7 Bxc5 53. Bxc6 Kd6 54. Bf3 Bxe3 55. Rd5+ Ke6 56.
Rd3 1-0

[Event "76th ch-ARM HL 2016"]
[Site "Yerevan ARM"]
[Date "2016.01.22"]
[Round "10"]
[White "Andriasian,Z"]
[Black "Petrosyan,M"]
[Result "1/2-1/2"]
[WhiteElo "2594"]
[BlackElo "2466"]
[EventDate "2016.01.12"]

1. e4 c5 2. Nf3 e6 3. g3 Nc6 4. Bg2 Nf6 5. Qe2 d6 6. O-O Be7 7. c3 O-O 8.
d4 d5 9. e5 Nd7 10. h4 a5 11. Bf4 b6 12. Rd1 Ba6 13. Qe3 b5 14. h5 h6 15.
Nbd2 b4 16. a3 bxc3 17. bxc3 a4 18. g4 Rb8 19. Rab1 Rxb1 20. Rxb1 Re8 21.
Kh1 f6 22. exf6 Bxf6 23. Re1 Qb6 24. Ne5 cxd4 25. Nxd7 dxe3 26. Nxb6 exd2
27. Bxd2 Ne5 28. Nxd5 exd5 29. f4 Bc4 30. fxe5 Bh4 31. Rb1 Rxe5 32. Bf4
Re1+ 33. Rxe1 Bxe1 34. Be5 Bd2 35. Bf3 Kf7 36. Kg2 Bg5 37. Bd6 Ke6 38. Bf8
Bf6 39. Bb4 Bh4 40. Bc5 Bf6 41. Bb4 Bg5 42. Bc5 Bd2 43. Bd4 Bc1 44. Bc5 Bb2
45. Bb4 Ke5 46. Kf2 Bb3 47. Bf8 Kf6 48. Bb4 d4 49. cxd4 Bxd4+ 50. Kg3 Be5+
1/2-1/2

[Event "76th ch-ARM HL 2016"]
[Site "Yerevan ARM"]
[Date "2016.01.22"]
[Round "10"]
[White "Ter Sahakyan,S"]
[Black "Hovhannisyan,R"]
[Result "1-0"]
[WhiteElo "2604"]
[BlackElo "2624"]
[EventDate "2016.01.12"]

1. e4 c6 2. d4 d5 3. Nc3 dxe4 4. Nxe4 Bf5 5. Ng3 Bg6 6. Nh3 Nf6 7. Bc4 Nbd7
8. O-O e6 9. f4 Nb6 10. Bb3 Qd7 11. Ng5 O-O-O 12. Nf3 Qc7 13. c3 c5 14. a4
a6 15. Kh1 c4 16. Bc2 Bxc2 17. Qxc2 Bd6 18. Ne5 h5 19. h3 h4 20. Ne2 Kb8
21. a5 Nbd5 22. b3 cxb3 23. Qxb3 Ne4 24. Rf3 Bxe5 25. fxe5 g5 26. c4 g4 27.
hxg4 Ne7 28. Kg1 Nc6 29. Be3 Ng3 30. Nxg3 hxg3 31. Qc3 Qd7 32. Rd1 f5 33.
exf6 Qh7 34. Kf1 Qe4 35. f7 Ne5 36. Rxg3 Nxg4 37. Qd3 Nxe3+ 38. Qxe3 Qc2
39. Qe2 Rh1+ 40. Kf2 Qxd1 41. Qxd1 Rxd1 42. d5 exd5 43. Rg8 Rd2+ 44. Kg1
dxc4 45. Re8 Rd1+ 46. Kh2 Kc7 47. f8=Q Rxe8 48. Qxe8 Rd5 49. Qf7+ Kd6 50.
Qxb7 Rc5 51. Qxa6+ Rc6 52. Qb5 c3 53. Qd3+ Kc7 54. Qh7+ Kd6 55. Qc2 Kc7 56.
g4 Rc5 57. g5 Kb7 58. g6 Ka6 59. g7 Rh5+ 60. Kg3 Rg5+ 61. Kf4 Rxg7 62. Qd3+
Kb7 63. Qd5+ Ka6 64. Qc4+ Kb7 65. a6+ Kb8 66. Qb4+ Ka8 67. Qf8+ 1-0

[Event "76th ch-ARM HL 2016"]
[Site "Yerevan ARM"]
[Date "2016.01.22"]
[Round "10"]
[White "Gabuzyan,H"]
[Black "Pashikian,A"]
[Result "1-0"]
[WhiteElo "2585"]
[BlackElo "2606"]
[EventDate "2016.01.12"]

1. Nf3 d5 2. g3 g6 3. Bg2 Bg7 4. d4 c6 5. O-O Nf6 6. c4 dxc4 7. a4 Ne4 8.
Qc2 Nd6 9. e4 Na6 10. Nbd2 O-O 11. e5 Bf5 12. Qd1 Nc8 13. Nxc4 Nb6 14. Ne3
Be4 15. Re1 Nb4 16. a5 N6d5 17. Bd2 Nd3 18. Re2 c5 19. Nxd5 Bxd5 20. a6 b6
21. Bc3 c4 22. b3 b5 23. bxc4 bxc4 24. Ra5 Rb8 25. Nd2 Bxg2 26. Kxg2 Qc8
27. Re3 Bh6 28. f4 Rb6 29. Qf1 Qg4 30. Re4 Rc8 31. d5 Qf5 32. Qf3 Nc5 33.
Rxc4 Nb3 34. g4 Qd7 35. e6 fxe6 36. dxe6 Qe8 37. Qd5 Rd8 38. Qe5 Rxd2+ 39.
Kf1 Rd1+ 40. Ke2 Rd2+ 41. Ke3 Nd4 42. Rxd4 Rc2 43. Rc4 Rxc3+ 44. Qxc3 Rxe6+
45. Re5 Qd7 46. Rc8+ Kf7 47. Qc4 Qxc8 48. Qxc8 Rxe5+ 49. Kf3 Ra5 50. Qc4+
Kf8 51. Qc3 Ra4 52. g5 Bg7 53. Qc8+ Kf7 54. Qb7 Ra3+ 55. Kg4 h5+ 56. gxh6
Bxh6 57. Qxa7 Ra4 58. Qb7 Rxf4+ 59. Kh3 1-0

[Event "76th ch-ARM HL 2016"]
[Site "Yerevan ARM"]
[Date "2016.01.22"]
[Round "10"]
[White "Hayrapetyan,Ho"]
[Black "Mikaelyan,A"]
[Result "0-1"]
[WhiteElo "2489"]
[BlackElo "2448"]
[EventDate "2016.01.12"]

1. Nf3 d5 2. g3 Nf6 3. Bg2 g6 4. O-O Bg7 5. d4 O-O 6. c4 c6 7. b3 dxc4 8.
bxc4 c5 9. Bb2 cxd4 10. Nxd4 Nbd7 11. Nb3 Qc7 12. Na3 Rd8 13. Qc2 Ne5 14.
c5 Bf5 15. e4 Bd7 16. f4 Nc6 17. Qc3 Be6 18. Nc2 Qd7 19. Nbd4 Bh3 20. Bxh3
Qxh3 21. Nxc6 bxc6 22. Nb4 Qd7 23. Rf3 Ne8 24. e5 a5 25. Nc2 Nc7 26. Na3
Qd5 27. Rf2 e6 28. Nc4 Nb5 29. Qc2 Qxc5 30. a4 Nd4 31. Bxd4 Qxd4 32. Rc1
Bf8 33. Kg2 Qd5+ 34. Kh3 Bc5 35. Rff1 Bd4 36. Nd6 Rxd6 37. exd6 c5 38. Rb1
Rd8 39. g4 h5 40. Qg2 hxg4+ 41. Qxg4 Kg7 42. Kg3 Qxd6 43. Rb7 Bf6 44. Qe2
Qc6 45. Ra7 Qb6 46. Qa6 Qb3+ 47. Rf3 Qb1 48. Qe2 c4 49. Rc7 c3 50. Rfxc3
Qg1+ 51. Kf3 Rd1 52. Re3 Qh1+ 53. Kg3 Rg1+ 54. Kh3 Qd5 55. Rg3 Qf5+ 56. Qg4
Rxg3+ 57. hxg3 Qd5 58. Rc1 Bb2 59. Rb1 Bd4 60. Qd1 Qe4 61. Rb3 Bf6 62. Rd3
Qf5+ 63. Kh2 Qc5 64. Rd7 Qb6 65. Qc2 Qe3 66. Qd2 Qe4 67. Qd1 Qe3 68. Qc2
Bd4 69. Qg2 e5 70. Qa2 Qg1+ 71. Kh3 Qh1+ 72. Qh2 Qc6 73. Rd8 Qc7 74. Rd5
Qc8+ 75. g4 Qc4 76. Qg2 Qd3+ 77. Kh2 e4 78. f5 Bg1+ 79. Kxg1 Qxd5 80. Qb2+
Kh6 81. Qc1+ g5 82. Qc3 Kh7 83. Kf2 Qd6 84. Qc4 Qf4+ 85. Ke1 Qe3+ 86. Qe2
Qd4 87. Qf2 e3 88. Qa2 Kg7 89. Ke2 Qxg4+ 90. Kxe3 Qf4+ 91. Kd3 Qxf5+ 92.
Kd4 g4 93. Qh2 Kg6 94. Kc4 Kg5 95. Qg1 Qe5 0-1

[Event "76th ch-ARM HL 2016"]
[Site "Yerevan ARM"]
[Date "2016.01.23"]
[Round "11"]
[White "Mikaelyan,A"]
[Black "Grigoryan,K2"]
[Result "1-0"]
[WhiteElo "2448"]
[BlackElo "2602"]
[EventDate "2016.01.12"]

1. Nf3 Nf6 2. g3 d5 3. Bg2 Bg4 4. O-O Nbd7 5. d3 e5 6. c4 dxc4 7. dxc4 Bc5
8. Nc3 c6 9. Qc2 h6 10. Rd1 Qc7 11. Rb1 a5 12. b3 O-O 13. Bb2 Rfe8 14. Nh4
Nf8 15. Na4 Ba7 16. c5 Qc8 17. Qd2 N8d7 18. Rbc1 e4 19. h3 Be6 20. g4 e3
21. fxe3 Qc7 22. Qd6 Qd8 23. Qd4 Qe7 24. Qd6 Qxd6 25. Rxd6 Bb8 26. Rd3 Bg3
27. Nf5 Bxf5 28. gxf5 Be5 29. Ba3 Bc7 30. Rcd1 Ne5 31. R3d2 Re7 32. Bb2
Rae8 33. Nb6 Bxb6 34. cxb6 Ned7 35. Ba3 Nxb6 36. Bxe7 Rxe7 37. Rd8+ Kh7 38.
R1d6 h5 39. Rb8 Nbd5 40. Bxd5 Nxd5 41. Rdd8 g5 42. Re8 Rc7 43. e4 Ne7 44.
Rh8+ Kg7 45. e5 1-0

[Event "76th ch-ARM HL 2016"]
[Site "Yerevan ARM"]
[Date "2016.01.23"]
[Round "11"]
[White "Pashikian,A"]
[Black "Babujian,L"]
[Result "1/2-1/2"]
[WhiteElo "2606"]
[BlackElo "2465"]
[EventDate "2016.01.12"]

1. d4 d5 2. c4 e6 3. Nf3 Nf6 4. Nc3 Bb4 5. Bg5 h6 6. Bxf6 Qxf6 7. Qa4+ Nc6
8. e3 O-O 9. Rc1 dxc4 10. Bxc4 a6 11. O-O Bd7 12. Qc2 Bd6 13. Ne4 Qg6 14.
Nxd6 Qxc2 15. Rxc2 cxd6 16. a3 Ne7 17. Rfc1 Rfc8 18. Nd2 b5 19. Bd3 Rxc2
20. Rxc2 Rc8 21. Kf1 Kf8 22. Ke2 Rxc2 23. Bxc2 Bc6 24. e4 Ke8 25. Ke3
1/2-1/2

[Event "76th ch-ARM HL 2016"]
[Site "Yerevan ARM"]
[Date "2016.01.23"]
[Round "11"]
[White "Hovhannisyan,R"]
[Black "Hayrapetyan,Ho"]
[Result "1/2-1/2"]
[WhiteElo "2624"]
[BlackElo "2489"]
[EventDate "2016.01.12"]

1. e4 c5 2. Nf3 e6 3. g3 d5 4. exd5 exd5 5. d4 Nf6 6. Bg2 Be7 7. dxc5 O-O
8. O-O Bxc5 9. a3 Nc6 10. b4 Bb6 11. Nc3 h6 12. Bb2 Be6 13. Na4 Ne4 14.
Nxb6 Qxb6 15. Nd4 Nxd4 16. Bxd4 Qc6 17. Rc1 Rfe8 18. Re1 Nd6 19. Ba1 b5 20.
a4 a6 21. a5 Rac8 22. Bd4 Nc4 23. c3 Bf5 24. Qh5 Be4 25. f3 Bg6 26. Qg4 Nd2
27. h4 h5 28. Qf4 Nb3 29. Rcd1 Rxe1+ 30. Rxe1 Nxd4 31. Qxd4 Qxc3 32. Rd1
Qb3 33. Kh2 Rc2 34. Qxd5 Qb2 35. f4 Re2 36. Kg1 Qc2 37. Qa8+ Kh7 38. Rd8
Qb1+ 39. Kh2 Be4 40. Rh8+ Kg6 41. f5+ Bxf5 42. Qc6+ f6 43. Re8 Rc2 44. Qb7
Qxb4 45. Rg8 Rxg2+ 46. Qxg2 Qc4 47. Rh8 b4 48. Qf3 Bg4 49. Qe3 Bd7 50. Rd8
Qc2+ 51. Kg1 Bb5 52. Qd2 Qb1+ 53. Qd1 Qe4 54. Rd5 Qe3+ 55. Kg2 Be2 56. Qc2+
Kh6 57. Qf5 Bg4 58. Qf4+ Qxf4 59. gxf4 b3 60. Rd6 Be2 61. Rd4 Kg6 62. Kf2
Bg4 63. Rd6 Bf5 64. Rb6 Bc2 65. Ke3 Kf5 66. Kd2 g5 67. fxg5 fxg5 68. hxg5
Kxg5 69. Rxa6 h4 70. Ra8 h3 71. Rh8 Bg6 72. Rxh3 b2 73. Rg3+ Kf4 74. Rb3
1/2-1/2

[Event "76th ch-ARM HL 2016"]
[Site "Yerevan ARM"]
[Date "2016.01.23"]
[Round "11"]
[White "Torosyan,N"]
[Black "Andriasian,Z"]
[Result "1/2-1/2"]
[WhiteElo "2365"]
[BlackElo "2594"]
[EventDate "2016.01.12"]

1. e4 c5 2. Nf3 d6 3. d4 cxd4 4. Nxd4 Nf6 5. Nc3 a6 6. h3 g6 7. g4 Bg7 8.
Bg2 O-O 9. Be3 Nc6 10. Qd2 Bd7 11. O-O-O Rc8 12. f4 Na5 13. b3 Qc7 14. Nd5
Nxd5 15. exd5 b5 16. Rhe1 Nb7 17. Ne2 Rfe8 18. Bd4 Bxd4 19. Nxd4 Qa5 20.
Qxa5 Nxa5 21. a3 Nb7 22. b4 Nd8 23. Re3 Kf8 24. Kb2 Rc7 25. Bf1 e6 26. dxe6
fxe6 27. Rde1 Bc8 28. Rc3 1/2-1/2

[Event "76th ch-ARM HL 2016"]
[Site "Yerevan ARM"]
[Date "2016.01.23"]
[Round "11"]
[White "Petrosian,TL"]
[Black "Ter Sahakyan,S"]
[Result "1/2-1/2"]
[WhiteElo "2625"]
[BlackElo "2604"]
[EventDate "2016.01.12"]

1. b3 e5 2. Bb2 Nc6 3. e3 d6 4. Nf3 Nf6 5. d4 exd4 6. Nxd4 Be7 7. Be2 O-O
8. O-O Nxd4 9. Qxd4 d5 10. c4 Be6 11. c5 c6 12. Rc1 Ne8 13. Qd2 Bf6 14. Nc3
Nc7 15. Bf3 Bf5 16. Ne2 Ne6 17. b4 a6 18. a4 Re8 19. Nd4 Bxd4 20. Bxd4 Qg5
21. Rd1 Bg4 22. Bxg4 Qxg4 23. f3 Qf5 24. Bb2 Qg5 25. Ra3 Re7 26. b5 axb5
27. axb5 Rae8 28. bxc6 bxc6 29. Qc2 h6 30. Bc1 Qe5 31. Bb2 Qg5 32. Bc1
1/2-1/2

[Event "76th ch-ARM HL 2016"]
[Site "Yerevan ARM"]
[Date "2016.01.23"]
[Round "11"]
[White "Petrosyan,M"]
[Black "Gabuzyan,H"]
[Result "0-1"]
[WhiteElo "2466"]
[BlackElo "2585"]
[EventDate "2016.01.12"]

1. Nf3 Nf6 2. c4 g6 3. Nc3 Bg7 4. e4 d6 5. d4 O-O 6. Be2 c5 7. O-O cxd4 8.
Nxd4 Nc6 9. Be3 Bd7 10. Qd2 Nxd4 11. Bxd4 Bc6 12. f3 Nd7 13. Be3 a5 14. b3
Nc5 15. Rab1 Qb6 16. Rfc1 f5 17. exf5 Rxf5 18. Bf1 Raf8 19. Ne2 Re5 20. Kh1
Bd7 21. Nd4 Qb4 22. Rc3 Qb6 23. Bg1 Rh5 24. a3 Be5 25. b4 Na4 26. Rcc1 Bf4
27. Be3 Bxh2 28. g4 Rh4 29. Bh3 Be5 30. Kg2 Bxd4 31. Qxd4 Qxd4 32. Bxd4 e5
33. Bf2 Rxh3 34. Kxh3 Rxf3+ 35. Bg3 Nc3 36. Rb3 axb4 37. axb4 Rxg3+ 38.
Kxg3 Ne2+ 39. Kf2 Nxc1 40. Ra3 Kf7 41. g5 b5 42. c5 dxc5 43. bxc5 b4 44.
Ra7 Nd3+ 45. Ke2 Nf4+ 46. Ke3 Ke6 47. Ra6+ Kf5 48. c6 Be6 49. Ra7 Nd5+ 50.
Kd3 e4+ 51. Kd4 e3 52. Rxh7 e2 53. Rh1 Kf4 54. Kd3 Kf3 55. Re1 Nf4+ 56. Kd2
Kf2 57. c7 Bf5 58. Ra1 Ng2 0-1